Ročná správa ...

Bibliographic Details
Corporate Author: Považská cementáreň (Ladce, Slovensko)
Format: Serial
Language:Slovak
German
PhysicalDescription:zv. grafy 30 cm
Published: Ladce Považská cementáreň
Subjects:
Online Access:http://www.pcla.sk/sk/stranka/vyrocne-spravy

MARC

LEADER 00000cas a2200000 a 4500
001 vtls008425532
003 SK-MaSNL
005 20260228161005.0
008 060123c19uu9999xo ar 0 b0slo
015 |a SNBB2021-(r. 2007, r. 2008, r. 2009, r. 2011, r. 2012, r. 2013)  |a SNBB2023-(r. 2005, r. 2006) 
040 |a SNK  |b slo  |c SNK  |e AACR2 
041 |a slo  |a ger 
043 |a e-xo--- 
044 |a xo  |c SK 
072 7 |a 666  |x Sklárstvo. Keramika. Cement  |2 konspekt 
080 |a (047.1)  |2 2011 
080 |a (058)  |2 2011 
080 |a 666.94:005.71  |2 2001 
080 |a (437.6)  |2 2011 
110 2 |a Považská cementáreň (Ladce, Slovensko)  |9 35517 
245 1 0 |a Ročná správa ...  |c Považská cementáreň 
246 1 3 |a Výročná správa za rok ... 
246 1 1 |a Jahresbericht für das Jahr ... 
246 1 3 |a Výročná správa ...  |b 2011 
246 1 1 |a Jahresbericht ... 
260 |a Ladce  |b Považská cementáreň 
300 |a zv.  |b grafy  |c 30 cm 
310 |a 1x ročne 
500 |a Popis podľa: R. 2003 
500 |a Súčasťou názvu je označenie bežného roku 
500 |a V r. 2003 je príloha: Individuálna účtovná závierka za rok ... 
500 |a Názov z obalu 
546 |a Súbežný názov a text nemecký 
650 0 7 |a cementárne  |2 SNKPH  |9 30790 
650 0 7 |a Cement plants  |2 SNKPHeng  |9 267738 
651 7 |a Ladce (Slovensko)  |2 SNKPHgeo  |9 74269 
651 7 |a Ladce (Slovakia)  |2 SNKPHeng  |9 267739 
655 7 |a výročné správy  |2 SNKPH  |9 70580 
655 7 |a ročenky  |2 SNKPH  |9 57146 
655 7 |a Annual reports  |2 SNKPHeng  |9 265598 
655 7 |a Yearbooks  |2 SNKPHeng  |9 120938 
856 4 0 |u http://www.pcla.sk/sk/stranka/vyrocne-spravy 
910 |a snk 
999 |c 4045  |d 5975 
952 |0 0  |1 0  |4 0  |7 0  |8 1  |a SNK  |b SNK  |d 2023-06-26  |i snk2023/10107  |l 0  |o snkČSB 5336/2005  |p 17A1520777  |r 2026-02-21 19:29:32  |w 2026-02-21  |y PREZ 
952 |0 0  |1 0  |4 0  |7 0  |8 1  |a SNK  |b SNK  |d 2023-06-26  |i snk2023/10114  |l 0  |o snkČSB 5336/2006  |p 17A1520778  |r 2026-02-21 19:29:48  |w 2026-02-21  |y PREZ 
952 |0 0  |1 0  |4 0  |7 0  |8 1  |a SNK  |b SNK  |d 2023-06-26  |i snk2023/10115  |l 0  |o snkČSB 5336/2006 D1  |p 17A1520779  |r 2026-02-21 19:29:48  |w 2026-02-21  |y PREZ 
952 |0 0  |1 0  |4 0  |7 0  |8 1  |a SNK  |b SNK  |d 2021-06-02  |i snk2021/6159  |l 0  |o snkČSB 5336/2007  |p 17A1433608  |r 2026-02-21 19:41:09  |w 2026-02-21  |y PREZ 
952 |0 0  |1 0  |4 0  |7 0  |8 1  |a SNK  |b SNK  |d 2021-06-02  |i snk2021/6160  |l 0  |o snkČSB 5336/2007 D1  |p 17A1433609  |r 2026-02-21 19:41:09  |w 2026-02-21  |y PREZ 
952 |0 0  |1 0  |4 0  |7 0  |8 1  |a SNK  |b SNK  |d 2021-06-02  |i snk2021/6161  |l 0  |o snkČSB 5336/2009  |p 17A1433610  |r 2026-02-21 19:41:09  |w 2026-02-21  |y PREZ 
952 |0 0  |1 0  |4 0  |7 0  |8 1  |a SNK  |b SNK  |d 2021-06-02  |i snk2021/6162  |l 0  |o snkČSB 5336/2009 D1  |p 17A1433611  |r 2026-02-21 19:41:09  |w 2026-02-21  |y PREZ 
952 |0 0  |1 0  |4 0  |7 0  |8 1  |a SNK  |b SNK  |d 2021-06-02  |i snk2021/6165  |l 0  |o snkČSB 5336/2011  |p 17A1433612  |r 2026-02-21 19:41:09  |w 2026-02-21  |y PREZ 
952 |0 0  |1 0  |4 0  |7 0  |8 1  |a SNK  |b SNK  |d 2021-06-02  |i snk2021/6166  |l 0  |o snkČSB 5336/2011 D1  |p 17A1433613  |r 2026-02-21 19:41:09  |w 2026-02-21  |y PREZ 
952 |0 0  |1 0  |4 0  |7 0  |8 1  |a SNK  |b SNK  |d 2021-06-02  |i snk2021/6167  |l 0  |o snkČSB 5336/2012  |p 17A1433614  |r 2026-02-21 19:41:09  |w 2026-02-21  |y PREZ 
952 |0 0  |1 0  |4 0  |7 0  |8 1  |a SNK  |b SNK  |d 2021-06-02  |i snk2021/6168  |l 0  |o snkČSB 5336/2012 D1  |p 17A1433615  |r 2026-02-21 19:41:09  |w 2026-02-21  |y PREZ 
952 |0 0  |1 0  |4 0  |7 0  |8 1  |a SNK  |b SNK  |d 2021-06-02  |i snk2021/6169  |l 0  |o snkČSB 5336/2013  |p 17A1433616  |r 2026-02-21 19:41:09  |w 2026-02-21  |y PREZ 
952 |0 0  |1 0  |4 0  |7 0  |8 1  |a SNK  |b SNK  |d 2021-06-02  |i snk2021/6170  |l 0  |o snkČSB 5336/2013 D1  |p 17A1433617  |r 2026-02-21 19:41:09  |w 2026-02-21  |y PREZ 
952 |0 0  |1 0  |4 0  |7 0  |8 1  |a SNK  |b SNK  |d 2023-10-26  |i snk2007/2323  |l 0  |o snkČSB 5336/[2004]  |p 17A1521606  |r 2026-02-21 19:47:43  |w 2026-02-21  |y PREZ 
952 |0 0  |1 0  |4 0  |7 0  |8 1  |a SNK  |b SNK  |d 2023-10-26  |i snk2007/2339  |l 0  |o snkČSB 5336/[2004] D1  |p 17A1521607  |r 2026-02-21 19:47:43  |w 2026-02-21  |y PREZ 
952 |0 0  |1 0  |4 0  |7 0  |8 1  |a SNK  |b SNK  |d 2021-12-21  |i snk2021/20224  |l 0  |o snkČSB 5336/2008  |p 17A1461637  |r 2026-02-21 20:01:21  |w 2026-02-21  |y PREZ 
952 |0 0  |1 0  |4 0  |7 0  |8 1  |a SNK  |b SNK  |d 2021-12-21  |i snk2021/20225  |l 0  |o snkČSB 5336/2008 D1  |p 17A1461638  |r 2026-02-21 20:01:21  |w 2026-02-21  |y PREZ 
952 |0 0  |1 0  |4 0  |7 0  |8 0  |a SNK  |b SNK  |d 2006-01-23  |i snk2006/1359  |l 0  |o snkČSB 5336/2003  |p 17A0439927  |r 2026-02-21 21:09:39  |w 2026-02-21  |y PREZ 
952 |0 0  |1 0  |4 0  |7 0  |8 0  |a SNK  |b SNK  |d 2006-01-23  |i snk2006/1360  |l 0  |o snkČSB 5336/2003/príl.  |p 17A0438989  |r 2026-02-21 21:09:39  |w 2026-02-21  |y PREZ  |z Individuálna účtovná závierka za rok 2003 
952 |0 0  |1 0  |4 0  |7 0  |8 0  |a SNK  |b SNK  |d 2006-01-23  |i snk2006/1361  |l 0  |o snkČSB 5336/2003 D1  |p 17A0439928  |r 2026-02-21 21:09:39  |w 2026-02-21  |y PREZ 
952 |0 0  |1 0  |4 0  |7 1  |8 0  |a SNK  |b SNK  |d 2006-01-23  |i snk2006/1362  |l 0  |o snkČSB 5336/2003 - príl. D1  |p 17A0441656  |r 2026-02-21 21:09:39  |w 2026-02-21  |y NEVYP